Cases and materials in revenue law
| Main Author: | |
|---|---|
| Format: | Book |
| Published: |
London :
Sweet and Maxwell ,
1973
|
| Subjects: |
MARC
| LEADER | 00000cam a2200000 7i4500 | ||
|---|---|---|---|
| 001 | 0000009229 | ||
| 005 | 20161123.0 | ||
| 020 | |a 042116780X | ||
| 040 | |a INS | ||
| 090 | 0 | 0 | |a KD5358 |b E17 1973 |
| 100 | 1 | |a Easson, A. J. | |
| 245 | 1 | 0 | |a Cases and materials in revenue law |c A. J. Easson |
| 260 | |a London : |b Sweet and Maxwell , |c 1973 | ||
| 300 | |a 544p ; |c 26cm. | ||
| 650 | 0 | |a Taxation |z Great Britain |x Cases | |
| 650 | 0 | 0 | |a Revenue |x Land and legislation |
| 999 | |a 0000022542 |b BOOK |c Open Shelf |e Default branch | ||